Desert Meteorology / (Record no. 617246)

000 -LEADER
fixed length control field 00451nam a22001697a 4500
003 - CONTROL NUMBER IDENTIFIER
control field NUST
005 - DATE AND TIME OF LATEST TRANSACTION
control field 20260427164118.0
008 - FIXED-LENGTH DATA ELEMENTS--GENERAL INFORMATION
fixed length control field 260427b ||||| |||| 00| 0 eng d
020 ## - INTERNATIONAL STANDARD BOOK NUMBER
International Standard Book Number 978-0521817981
082 ## - DEWEY DECIMAL CLASSIFICATION NUMBER
Classification number 551.5
Author Mark THO
100 ## - MAIN ENTRY--PERSONAL NAME
Personal name Thomas T. Warner.
9 (RLIN) 134275
245 ## - TITLE STATEMENT
Title Desert Meteorology /
Statement of responsibility, etc. Thomas T. Warner.
260 ## - PUBLICATION, DISTRIBUTION, ETC.
Name of publisher, distributor, etc. Cambridge University Press,
Date of publication, distribution, etc. 2004.
300 ## - PHYSICAL DESCRIPTION
Extent 612 p ;
Dimensions 30.2 cm
563 ## - BINDING INFORMATION
Binding note Hardcover
942 ## - ADDED ENTRY ELEMENTS (KOHA)
Source of classification or shelving scheme
Koha item type Book
Holdings
Withdrawn status Lost status Source of classification or shelving scheme Damaged status Not for loan Permanent Location Current Location Date acquired Total Checkouts Full call number Barcode Date last seen Price effective from Koha item type
          Institute of Geographical Information Systems (IGIS) Institute of Geographical Information Systems (IGIS) 04/27/2026   551.5 THO IGIS-751 04/27/2026 04/27/2026 Book
© 2023 Central Library, National University of Sciences and Technology. All Rights Reserved.